Napoleon Bonaparte : (Record no. 24697)
[ view plain ]
| 000 -LEADER | |
|---|---|
| fixed length control field | 00727cam a2200229 a 4500 |
| 001 - CONTROL NUMBER | |
| control field | 24697 |
| 003 - CONTROL NUMBER IDENTIFIER | |
| rucl marc code | BD-RjUL |
| 005 - DATE AND TIME OF LATEST TRANSACTION | |
| control field | 20211209001103.0 |
| 008 - FIXED-LENGTH DATA ELEMENTS--GENERAL INFORMATION | |
| fixed length control field | 140315r19581951enkfh 001 0 eng d |
| 020 ## - INTERNATIONAL STANDARD BOOK NUMBER | |
| International Standard Book Number | 063103580X |
| 035 ## - SYSTEM CONTROL NUMBER | |
| System control number | (BD-RjUL)24766 |
| 040 ## - CATALOGING SOURCE | |
| Original cataloging agency | BD-RjUL |
| Language of cataloging | eng |
| Transcribing agency | BD-RjUL |
| 041 ## - LANGUAGE CODE | |
| Language code of text/sound track or separate title | eng |
| 082 ## - DEWEY DECIMAL CLASSIFICATION NUMBER | |
| Classification number | 944.05 |
| Author mark and year | THN |
| 100 1# - MAIN ENTRY--PERSONAL NAME | |
| Personal name | Thompson, J. M. |
| Fuller form of name | (James Matthew), |
| Dates associated with a name | 1878-1956. |
| 9 (RLIN) | 76017 |
| 245 10 - TITLE STATEMENT | |
| Title | Napoleon Bonaparte : |
| Remainder of title | his rise and fall / |
| Statement of responsibility, etc. | by J.M. Thompson |
| 260 ## - PUBLICATION, DISTRIBUTION, ETC. (IMPRINT) | |
| Place of publication, distribution, etc. | Oxford : |
| Name of publisher, distributor, etc. | Basil Blackwell, |
| Date of publication, distribution, etc. | 1951 [reprinted 1958] |
| 300 ## - PHYSICAL DESCRIPTION | |
| Pagination | 411 p. : |
| Illustrations | ill., |
| Size | 23 cm. |
| 504 ## - BIBLIOGRAPHY, ETC. NOTE | |
| Bibliography, etc | Includes bibliographical references and index |
| 600 00 - SUBJECT ADDED ENTRY--PERSONAL NAME | |
| Personal name | Napoleon |
| Titles and other words associated with a name | Emperor of the French, |
| Dates associated with a name | 1769-1821. |
| 942 ## - ADDED ENTRY ELEMENTS (KOHA) | |
| Source of classification or shelving scheme | Dewey Decimal Classification |
| Koha item type | Books |
| Lost status | Source of classification or shelving scheme | Damaged status | Not for loan | Collection code | Permanent Location | Current Location | Shelving location | Date acquired | Source of acquisition | Cost, normal purchase price | Total Checkouts | Full call number | Date last seen | Copy number | Koha item type |
|---|---|---|---|---|---|---|---|---|---|---|---|---|---|---|---|
| Dewey Decimal Classification | Added to bundle | Non-fiction | Central Library, University of Rajshahi | Central Library, University of Rajshahi | Reading Room | 13/03/1963 | Zeitlinger | 35.00 | 944.05 THN 1958 | 15/03/2014 | C-1 | Books |